LEADER 01883nam 2200445 450 001 9910704647203321 005 20130621145828.0 035 $a(CKB)5470000002443244 035 $a(OCoLC)849751825 035 $a(EXLCZ)995470000002443244 100 $a20130621d2013 ua 0 101 0 $aeng 135 $aur||||||||||| 181 $ctxt$2rdacontent 182 $cc$2rdamedia 183 $acr$2rdacarrier 200 10$aCultural property$eagreement between the United States of America and Cyprus extending and amending the memorandum of understanding of July 16, 2002, as amended, effected by exchange of notes at Washington, July 10, 2012 210 1$a[Washington, D.C.] :$cUnited States Department of State,$d[2013?] 215 $a1 online resource (13 unnumbered pages) 225 1 $aTreaties and other international acts series ;$v12-710 300 $aTitle from title screen (viewed on June 21, 2013). 517 $aCultural property 606 $aCultural property$xProtection$xLaw and legislation$zUnited States 606 $aCultural property$xProtection$xLaw and legislation$zCyprus 606 $aArchaeological thefts$xPrevention$xInternational cooperation 606 $aCultural property$xProtection (International law) 606 $aHistoric preservation$xInternational cooperation 615 0$aCultural property$xProtection$xLaw and legislation 615 0$aCultural property$xProtection$xLaw and legislation 615 0$aArchaeological thefts$xPrevention$xInternational cooperation. 615 0$aCultural property$xProtection (International law) 615 0$aHistoric preservation$xInternational cooperation. 712 02$aCyprus, 712 02$aUnited States.$bDepartment of State, 801 0$bGPO 801 1$bGPO 906 $aBOOK 912 $a9910704647203321 996 $aCultural property$93439492 997 $aUNINA LEADER 01518nam 2200481 450 001 9910815415203321 005 20230807204638.0 010 $a1-4677-5812-4 035 $a(CKB)2670000000587659 035 $a(MiAaPQ)EBC5441766 035 $a(Au-PeEL)EBL5441766 035 $a(CaPaEBR)ebr11597498 035 $a(OCoLC)969044891 035 $a(EXLCZ)992670000000587659 100 $a20140429h20152015 uy| 0 101 0 $aeng 135 $aurcnu|||||||| 181 $2rdacontent 182 $2rdamedia 183 $2rdacarrier 200 10$aBeowulf $ean Anglo-Saxon epic poem /$ftranslated from the Heyne-Socin text by JNO: Lesslie Hall, Ph. D. (J.H.U.), professor of English and History at The College of William and Mary 210 1$aMinneapolis :$cFirst Avenue Editions,$d[2015] 210 4$dİ2015 215 $a1 online resource (192 pages) 225 1 $aFirst Avenue classics 311 $a1-322-50765-1 320 $aIncludes bibliographical references, glossary, and addenda. 410 0$aFirst Avenue classics. 606 $aEpic poetry, English (Old)$vTranslations into English 606 $aMonsters$vPoetry 606 $aDragons$vPoetry 615 0$aEpic poetry, English (Old) 615 0$aMonsters 615 0$aDragons 676 $a829/.3 702 $aHall$b J. Lesslie$g(John Lesslie),$f1856-1928, 801 0$bMiAaPQ 801 1$bMiAaPQ 801 2$bMiAaPQ 906 $aBOOK 912 $a9910815415203321 996 $aBeowulf$959735 997 $aUNINA